000 00359 a2200121 4500
001 ART_6522
005 20260410161826.0
008 260409a
245 1 0 _aCoase y los recursos pesqueros marinos
100 1 _aErrazti, Elizabeth
700 1 _aGualdoni, Patricia Alejandra
773 0 _tFACES
_g- Año 9, Nº 18 (sep./dic. 2003)
_wREV5046
999 _c22777
_d22777